Statistics for Liverpool FC Squad 15/16

Click here to take the quiz!

General Stats

  • This quiz has been taken 275 times
  • The average score is 19 of 27

Answer Stats

PositionAnswer% Correct
GKSimon Mignolet
97%
MidJordan Henderson
90%
FwDaniel Sturridge
87%
DefNathaniel Clyne
86%
MidCoutinho
85%
DefMartin Skrtel
84%
DefDejan Lovren
83%
DefAlberto Moreno
81%
MidJames Milner
81%
DefMamadou Sakho
81%
MidRoberto Firmino
80%
ManBrendan Rodgers
78%
MidAdam Lallana
73%
FwChristian Benteke
72%
FwDivock Origi
72%
MidEmre Can
68%
MidLucas Leiva
63%
DefJon Flanagan
62%
DefKolo Toure
62%
MidJoe Allen
61%
FwDanny Ings
59%
FwJordon Ibe
58%
DefJoe Gomez
57%
DefJosé Enrique
49%
DefBrad Smith
36%
MidCameron Brannagan
26%
FwJerome Sinclair
24%

Score Distribution

Percentile by Number Answered

Percent of People with Each Score

Your Score History

You have not taken this quiz